000 00366nam a22001337a 4500
082 _a355.4
_bHAR
_cL-30. P-10
100 _aHart, Liddell
_946235
245 _aThe Expanding War
_cHart, Liddell
260 _aLondon
_bFaber and Fabert Limited
300 _ap-278.:
_bill,;
_c20cm
526 _a0
_b0
_c0
_d355_400000000000000_HAR
650 _aMCE
_9379
942 _2ddc
_cBK
999 _c551646
_d551646